[Event "GER-chT U16"]
[Site "Walldorf"]
[Date "2017.12.29"]
[Round "6.2"]
[White "Wacker, Andreas"]
[Black "Hofele, Mathis"]
[Result "0-1"]
[WhiteElo "1803"]
[BlackElo "1816"]
[PlyCount "78"]
[EventDate "2017.12.26"]
[EventType "team-swiss"]
[EventRounds "7"]
[EventCountry "GER"]
[SourceTitle "CBM 182 Extra"]
[Source "ChessBase"]
[SourceDate "2018.02.23"]
[SourceVersion "1"]
[SourceVersionDate "2018.02.23"]
[SourceQuality "1"]
[WhiteTeam "Lambsheim"]
[BlackTeam "Hohentuebingen"]
[WhiteTeamCountry "GER"]
[BlackTeamCountry "GER"]

1. e4 c5 2. Nc3 d6 3. g3 Nc6 4. Bg2 g6 5. d3 Bg7 6. f4 e6 7. Be3 Nge7 8. Nf3 0-0 9. 0-0 Rb8 10. a4 Nd4 11. Qd2 a6 12. Nd1 Bd7 13. e5 dxe5 14. Nxe5 Nec6 15. Nxc6 Bxc6 16. Bxc6 bxc6 17. Rb1 Qd5 18. Qf2 Rfe8 19. Nc3 Qh5 20. Qg2 Rbd8 21. Ne4 e5 22. g4 Qh4 23. f5 Bh6 24. g5 Bg7 25. f6 Bf8 26. Bxd4 exd4 27. Rf3 Rxe4 28. dxe4 Qxe4 29. Rd1 c4 30. Qf1 Bc5 31. Kg2 Re8 32. Qxc4 Qg4+ 33. Rg3 Qxd1 34. Qxc5 Re2+ 35. Kh3 Qf1+ 36. Kh4 Rxh2+ 37. Kg4 Qe2+ 38. Rf3 Qe4+ 39. Rf4 Qg2# 0-1

[Event "GER-chT U14"]
[Site "Duesseldorf"]
[Date "2016.12.28"]
[Round "4.2"]
[White "Hofele, Mathis"]
[Black "Holinka, Henning"]
[Result "0-1"]
[WhiteElo "1703"]
[BlackElo "2044"]
[PlyCount "154"]
[EventDate "2016.12.27"]
[EventType "team-swiss"]
[EventRounds "7"]
[EventCountry "GER"]
[SourceTitle "EXT 2018"]
[Source "ChessBase"]
[SourceDate "2017.10.13"]
[SourceVersion "1"]
[SourceVersionDate "2017.10.13"]
[SourceQuality "1"]
[WhiteTeam "Hohentuebingen U14"]
[BlackTeam "Hamburger SK U14"]
[WhiteTeamCountry "GER"]
[BlackTeamCountry "GER"]

1. e4 g6 2. d4 Bg7 3. Nc3 a6 4. f4 d6 5. Nf3 b5 6. Bd3 Nd7 7. e5 Bb7 8. 0-0 Nh6 9. a3 0-0 10. Be4 Bxe4 11. Nxe4 Nb6 12. Qe2 Qd7 13. Bd2 Rac8 14. Rad1 Rfd8 15. Bc1 Qe8 16. Neg5 c5 17. c3 cxd4 18. Nxd4 e6 19. Ngf3 Nc4 20. Kh1 Ng4 21. h3 dxe5 22. hxg4 exd4 23. Nxd4 Bxd4 24. cxd4 Rd5 25. b3 Na5 26. Qb2 Qe7 27. g5 Qd6 28. Be3 Rd8 29. Rf2 Nc6 30. Rfd2 Kg7 31. Rd3 Rh8 32. g3 h5 33. Rc1 Rd8 34. Rcd1 Ne7 35. Bf2 Nf5 36. Kh2 Kh7 37. Qc1 Qd7 38. Qb2 Ne7 39. Rc1 Qb7 40. Rdc3 R5d7 41. Rc5 Kg8 42. b4 Nd5 43. Qc2 Nb6 44. Qe2 Nc4 45. Rc3 Nd6 46. Re5 Nf5 47. g4 hxg4 48. Qxg4 Kg7 49. Qg2 Qxg2+ 50. Kxg2 Ne7 51. Kf3 Nd5 52. Rc1 Kf8 53. Re2 Rc7 54. Rxc7 Nxc7 55. d5 Nxd5 56. Bd4 Ke7 57. Be5 Rc8 58. Rd2 Rc1 59. Kf2 Rc8 60. Kf3 Kd7 61. Kf2 Kc6 62. Rc2+ Kb7 63. Rd2 Rd8 64. Kf3 Rd7 65. Kf2 Nb6 66. Rxd7+ Nxd7 67. Bd4 Kc6 68. Ke3 Kd5 69. Kd3 e5 70. fxe5 Nxe5+ 71. Kc3 Nc4 72. Bf6 Nxa3 73. Be7 Nc4 74. Bf6 Ke4 75. Be7 Nb6 76. Bd8 Nd5+ 77. Kb3 Kf5 0-1

[Event "Magdeburg op-B"]
[Site "Magdeburg"]
[Date "2014.06.14"]
[Round "9"]
[White "Reyher, Susan"]
[Black "Hofele, Mathis"]
[Result "0-1"]
[WhiteElo "1436"]
[BlackElo "1434"]
[PlyCount "124"]
[EventDate "2014.06.08"]
[EventType "swiss"]
[EventRounds "9"]
[EventCountry "GER"]
[SourceTitle "CBM 160 Extra"]
[Source "ChessBase"]
[SourceDate "2014.07.01"]
[SourceVersion "1"]
[SourceVersionDate "2014.07.01"]
[SourceQuality "1"]

1. e4 e5 2. Bc4 Nf6 3. d3 Nc6 4. Nc3 Bb4 5. Nge2 d5 6. exd5 Nxd5 7. a3 Bxc3+ 8. Nxc3 Nxc3 9. bxc3 Qf6 10. Be3 Be6 11. Bb5 Bd5 12. f3 a6 13. c4 axb5 14. cxd5 Ne7 15. c4 bxc4 16. dxc4 Qh4+ 17. g3 Qxc4 18. d6 cxd6 19. Qxd6 Qc3+ 20. Kf2 Nf5 21. Qd2 Qxe3+ 22. Qxe3 Nxe3 23. Kxe3 Ke7 24. Ke4 Ke6 25. Rhb1 Ra4+ 26. Ke3 Rb8 27. Rb3 h5 28. Rab1 Kf5 29. h3 f6 30. Rc3 Rba8 31. Rbb3 Rb8 32. Rb6 Rba8 33. Rbb3 b5 34. Rd3 Rb8 35. Rd1 Rc8 36. Rdd3 Rc5 37. Rd1 Ke6 38. g4 Rac4 39. Kf2 Rc3 40. Rdb1 Rxb3 41. Rxb3 hxg4 42. hxg4 g6 43. Ke3 f5 44. gxf5+ gxf5 45. Kd3 Kd5 46. Rb4 Kc6 47. Kd2 Rd5+ 48. Ke3 Kc5 49. f4 e4 50. Rb3 Rd3+ 51. Rxd3 exd3 52. Kxd3 Kd5 53. Kc3 Ke4 54. Kb4 Kxf4 55. Kxb5 Ke5 56. a4 f4 57. a5 f3 58. a6 f2 59. Kb6 f1Q 60. a7 Qf3 61. Kc7 Qa8 62. Kb6 Kd6 0-1

[Event "Magdeburg op-B"]
[Site "Magdeburg"]
[Date "2014.06.10"]
[Round "4"]
[White "Hofele, Mathis"]
[Black "Biermann, Florian"]
[Result "1-0"]
[WhiteElo "1434"]
[BlackElo "1504"]
[PlyCount "67"]
[EventDate "2014.06.08"]
[EventType "swiss"]
[EventRounds "9"]
[EventCountry "GER"]
[SourceTitle "CBM 160 Extra"]
[Source "ChessBase"]
[SourceDate "2014.07.01"]
[SourceVersion "1"]
[SourceVersionDate "2014.07.01"]
[SourceQuality "1"]

1. e4 c5 2. Nc3 Nc6 3. g3 g6 4. Bg2 Bg7 5. d3 e6 6. Be3 d6 7. Qd2 Nge7 8. Nge2 Nd4 9. Rb1 Nec6 10. 0-0 0-0 11. Nd1 f5 12. Nxd4 Nxd4 13. c3 Nc6 14. exf5 exf5 15. Bd5+ Kh8 16. Bh6 Ne5 17. Bxg7+ Kxg7 18. f4 Ng4 19. Re1 Nf6 20. Bg2 Qb6 21. c4 Bd7 22. Nc3 Bc6 23. Bxc6 Qxc6 24. Re6 Qd7 25. Rbe1 Rf7 26. Nb5 a6 27. Nxd6 Rd8 28. Nxf7 Qd4+ 29. Qe3 Kxf7 30. Qxd4 Rxd4 31. Re7+ Kg8 32. Rxb7 Rxd3 33. Ree7 Rd4 34. Rb8+ 1-0

[Event "Magdeburg op-B"]
[Site "Magdeburg"]
[Date "2014.06.08"]
[Round "1"]
[White "Muedder, Melanie"]
[Black "Hofele, Mathis"]
[Result "0-1"]
[WhiteElo "1098"]
[BlackElo "1434"]
[PlyCount "102"]
[EventDate "2014.06.08"]
[EventType "swiss"]
[EventRounds "9"]
[EventCountry "GER"]
[SourceTitle "CBM 160 Extra"]
[Source "ChessBase"]
[SourceDate "2014.07.01"]
[SourceVersion "1"]
[SourceVersionDate "2014.07.01"]
[SourceQuality "1"]

1. e4 e5 2. Nf3 Nc6 3. Bc4 Bc5 4. b4 Bxb4 5. c3 Ba5 6. d4 exd4 7. 0-0 d6 8. Qb3 Qe7 9. Ba3 Qf6 10. cxd4 Bb6 11. e5 dxe5 12. dxe5 Qg6 13. Re1 Be6 14. Nc3 Bxc4 15. Qxc4 Qe6 16. Qd3 h6 17. Rad1 Nge7 18. Qd7+ Qxd7 19. Rxd7 Kxd7 20. Rd1+ Ke8 21. h3 Rd8 22. Re1 Rd3 23. Bb2 Ba5 24. Rc1 Bxc3 25. Bxc3 Nd5 26. Bb2 Nf4 27. Re1 Nxh3+ 28. gxh3 Rxf3 29. h4 Rd3 30. e6 f6 31. a4 Ke7 32. Bc1 Nd4 33. Kg2 Rd8 34. Bf4 Rc3 35. Rd1 Nxe6 36. Re1 Kf7 37. Bg3 Ra3 38. Re4 Rd4 39. Rxd4 Nxd4 40. Bxc7 Rxa4 41. h5 b5 42. Bf4 b4 43. Be3 b3 44. Bc1 Ra2 45. Kf1 Ra1 46. Ke1 Rxc1+ 47. Kd2 b2 48. Kd3 b1Q+ 49. Kxd4 Qb4+ 50. Kd5 Qc4+ 51. Kd6 Qc6# 0-1

[Event "GER-ch U10"]
[Site "Oberhof"]
[Date "2012.05.29"]
[Round "5"]
[White "Brehm, Mirja"]
[Black "Hofele, Mathis"]
[Result "0-1"]
[WhiteElo "1097"]
[BlackElo "1273"]
[PlyCount "56"]
[EventDate "2012.05.27"]
[EventType "swiss"]
[EventRounds "11"]
[EventCountry "GER"]
[SourceTitle "CBM 148 Extra"]
[Source "ChessBase"]
[SourceDate "2012.06.22"]
[SourceVersion "1"]
[SourceVersionDate "2012.06.22"]
[SourceQuality "1"]

1. e4 e5 2. Nf3 Nc6 3. Nc3 Nf6 4. Bc4 Nxe4 5. Nxe4 d5 6. Bxd5 Qxd5 7. Nc3 Qd8 8. h3 Bf5 9. d3 Bb4 10. Bd2 h6 11. a3 Ba5 12. Qe2 0-0 13. 0-0-0 Re8 14. g4 Bg6 15. Rdg1 Nd4 16. Qd1 Bb6 17. h4 Qf6 18. Rg3 Qd6 19. h5 Bh7 20. g5 hxg5 21. Nxg5 Ba5 22. Nxh7 Kxh7 23. Qg4 Rg8 24. Qg6+ Kh8 25. Qxf7 Bxc3 26. Kd1 Bxd2 27. Kxd2 Qh6+ 28. Kd1 Raf8 0-1